LEADER 01687nam 2200397 450 001 996278284103316 005 20231207090204.0 010 $a0-7381-9624-X 035 $a(CKB)3780000000090182 035 $a(NjHacI)993780000000090182 035 $a(EXLCZ)993780000000090182 100 $a20231207d2015 uy 0 101 0 $aeng 135 $aur||||||||||| 181 $ctxt$2rdacontent 182 $cc$2rdamedia 183 $acr$2rdacarrier 200 10$aIEEE Std 1671.6-2015 $eIEEE Standard for Automatic Test Markup Language (ATML) Test Station Description /$fIEEE 205 $a(Revision of IEEE Std 1671.6-2008). 210 1$aNew York, N.Y. :$cIEEE,$d2015. 215 $a1 online resource (viii, 34 pages) $cillustrations 320 $aIncludes bibliographical references. 330 $aAn exchange format, using extensible markup language (XML), for identifying all of the hardware, software, and documentation associated with a test station is specified in this document. This test station may be used with a test program set to test and diagnose a unit under test. 517 $a1671.6-2015 - IEEE Standard for Automatic Test Markup Language 517 $aIEEE Std 1671.6-2015 (Revision of IEEE Std 1671.6-2008): IEEE Standard for Automatic Test Markup Language (ATML) Test Station Description 517 $aIEEE Standard for Automatic Test Markup Language 517 $aIEEE Std 1671.6-2015 606 $aTesting$xData processing 615 0$aTesting$xData processing. 676 $a620.1 801 0$bNjHacI 801 1$bNjHacl 906 $aDOCUMENT 912 $a996278284103316 996 $aIEEE Std 1671.6-2015$93646784 997 $aUNISA LEADER 02096nam0 22004573i 450 001 VAN0163708 005 20230614112541.387 017 70$2N$a9783319240671 100 $a20210621d2016 |0itac50 ba 101 $aeng 102 $aCH 105 $a|||| ||||| 200 1 $aEnergy-Efficient VCSELs for Optical Interconnects$eDoctoral Thesis accepted by the Technische Universität Berlin, Deutschland$fPhilip Moser 210 $aCham$cSpringer$d2016 215 $axv, 182 p.$cill.$d24 cm 410 1$1001VAN0104193$12001 $aSpringer theses$erecognizing outstanding Ph.D. research$1210 $aBerlin$cSpringer$d2010- 500 1$3VAN0163709$aEnergy-Efficient VCSELs for Optical Interconnects$91807554 606 $a78-XX$xOptics, electromagnetic theory [MSC 2020]$3VANC022356$2MF 606 $a00A79 (77-XX)$xPhysics [MSC 2020]$3VANC023182$2MF 606 $a78A10$xPhysical optics [MSC 2020]$3VANC023550$2MF 610 $aEnergy-efficient VCSELs$9KW:K 610 $aEnergy-efficient data transmission$9KW:K 610 $aGaAs-based oxide-confined VCSELs$9KW:K 610 $aGreen photonics$9KW:K 610 $aHigh-speed VCSEL$9KW:K 610 $aOptical data transmission$9KW:K 610 $aOptical interconnect$9KW:K 610 $aOxide-con?ned VCSELs$9KW:K 610 $aSemiconductor Lasers$9KW:K 610 $aVertical-cavity surface-emitting lasers$9KW:K 620 $aCH$dCham$3VANL001889 700 1$aMoser$bPhilip$3VANV147417$0805082 712 $aSpringer $3VANV108073$4650 801 $aIT$bSOL$c20240614$gRICA 856 4 $uhttp://doi.org/10.1007/978-3-319-24067-1$zE-book ? Accesso al full-text attraverso riconoscimento IP di Ateneo, proxy e/o Shibboleth 899 $aBIBLIOTECA DEL DIPARTIMENTO DI MATEMATICA E FISICA$1IT-CE0120$2VAN08 912 $fN 912 $aVAN0163708 950 $aBIBLIOTECA DEL DIPARTIMENTO DI MATEMATICA E FISICA$d08CONS e-book 2708 $e08eMF2708 20210621 996 $aEnergy-Efficient VCSELs for Optical Interconnects$91807554 997 $aUNICAMPANIA